000 00425nam a2200169 a 4500
001 4993
003 CO-ViMGA
008 141112s2004 ck r 000 u spa d
040 _aCO-ViMGA
_bspa
_cCO-ViMGA
082 0 4 _a642.56 M158
245 1 0 _aManual del puesto de ayudante de mesero
260 _aMexico :
_bLimusa,
_c1991
300 _a132 p : il
490 _aSectur Limusa
650 1 4 _aCAMAREROS
_93191
942 _2ddc
_cBK
999 _c16995
_d16995